Logo BPK

Biblioteka

Politechniki Koszalińskiej

Vakuumno-plotnaja keramika i eë spai s metallami / (Rekord nr 25811)

Szczegóły MARC
000 -ETYKIETA REKORDU
podpole kontrolne o stałej długości 00450nam a2200169 i 4500
001 - NUMER KONTROLNY REKORDU
pole kontrolne bg
040 ## - ŹRÓDŁO KATALOGOWANIA
Instytucja, która utworzyła rekord BPK
041 ## - KOD JĘZYKA
Kod języka tekstu pol
080 ## - UNIWERSALNA KLASYFIKACJA DZIESIĘTNA - UKD
UKD 621.762
008 - POLE O STAŁEJ DŁUGOŚCI - DANE KONTROLNE
podpole kontrolne o stałej długości s pl f |000 0 pol
100 1# - NAZWA OSOBOWA
Nazwa osobowa BATYGIN, V. N.
245 #0 - TYTUŁ/ODPOWIEDZIALNOŚĆ
Tytuł Vakuumno-plotnaja keramika i eë spai s metallami /
Pozostałe elementy strefy tytułu i oznaczenia odpowiedzialności V.N. Batygin, I.I. Metelkin, A.M. Rešetnikov.
260 ## - STREFA ADRESU WYDAWNICZEGO
Miejsce wydania Moskva,
Data publikacji, dystrybucji/powstania dokumentu 1973.
700 1# - HASŁO DODATKOWE - NAZWA OSOBOWA
Nazwa osobowa METELKIN, I. I.
700 1# - HASŁO DODATKOWE - NAZWA OSOBOWA
Nazwa osobowa RESETNIKOV, A. M.
856 ## - LOKALIZACJA I DOSTĘP DO ELEKTRONICZNYCH DOKUMENTÓW ZDALNYCH
Link (URL) http://koha.tu.koszalin.pl/cgi-bin/koha/opac-detail.pl?biblionumber=25811
Tekst linku Katalog online BPK
942 ## - DODATKOWE ELEMENTY (KOHA)
Typ dokumentu Książka
Egzemplarze
Wycofany Status egzemplarza Uszkodzony Dostępność Lokalizacja stała Lokalizacja bieżąca Miejsce przechowywania Sygnatura Kod kreskowy Typ dokumentu Numer ubytku
      Dostępny Biblioteka Politechniki Koszalińskiej Biblioteka Politechniki Koszalińskiej Wypożyczalnia BG 16827 01738407 Książka  
  Egz. niedostępny   Niedostępny Biblioteka Politechniki Koszalińskiej Biblioteka Politechniki Koszalińskiej   16828 01738414 Książka 11640
  Egz. niedostępny   Niedostępny Biblioteka Politechniki Koszalińskiej Biblioteka Politechniki Koszalińskiej   16829 01738421 Książka 11641
© 2023 Biblioteka Politechniki Koszalińskiej :: KOHA